| 000 | 00662nam a2200193 i 4500 | ||
|---|---|---|---|
| 001 | 62538 | ||
| 003 | ES-MaACL | ||
| 005 | 20231227182304.0 | ||
| 007 | t| | ||
| 008 | 031121s1956 sp ||||1| spa d | ||
| 100 | 1 |
_aFernández Flórez, Wenceslao, _d1885-1964 _949790 |
|
| 245 | 1 | 0 |
_aMis páginas mejores / _cW. Fernández Flórez. |
| 260 |
_a[Madrid : _bGredos, _c1956] ( _fJura) |
||
| 300 |
_a273 p. ; _c20 cm. |
||
| 490 | 1 |
_aBiblioteca románica hispánica. VI. Antología hispánica ; _v6 |
|
| 830 | 0 |
_aBiblioteca románica hispánica. VI. Antología hispánica ; _v6 _9180838 |
|
| 852 |
_aES-MaACL _jC-12064 _bR.39563 |
||
| 999 |
_c62538 _d62538 |
||